000 00436nam a2200181Ia 4500
008 220531s9999 xx 000 0 und d
041 _aeng
082 _a121.25
_bPRI / MEH
100 _aMehtha,Rameshkumar
_955197
245 _aPrincipales of Finance
250 _a4th
260 _bMacmillan
_c2006
300 _a100
542 _d08-09-2007
650 _aAccountancy
_955198
906 _d2009-2010
999 _c31901
_d31901